Roblox Rise of Nations: Starting Nations Quiz - Statistics

General Stats
  • This quiz has been taken 93 times
    92 since last reset
  • The average score is 97 of 213
Answer Stats
Tier Continent Country % Correct
7 Asia China
86%
7 North America United States
80%
6 Europe/Asia Russia
76%
4 North America Canada
71%
7 Asia India
70%
5 Europe United Kingdom
67%
5 Europe Germany
66%
6 Asia Japan
64%
5 South America Argentina
63%
4 Oceania Australia
63%
6 Asia Indonesia
63%
6 North America Mexico
63%
3 Asia Afghanistan
61%
3 Europe Belgium
61%
3 Europe Austria
60%
6 South America Brazil
60%
4 Europe France
60%
4 Europe Spain
60%
2 Europe Albania
59%
3 North America Cuba
59%
3 Europe Sweden
59%
5 Europe/Asia Turkey
59%
3 Africa Algeria
57%
2 Europe Denmark
57%
5 Africa Egypt
57%
3 Europe Greece
57%
3 Asia North Korea
57%
2 Europe Norway
57%
5 Asia South Korea
57%
1 Europe Andorra
56%
5 Asia Iran
56%
2 Europe Ireland
56%
3 Europe Portugal
56%
4 Asia Bangladesh
54%
3 Europe Belarus
54%
1 North America Belize
54%
4 South America Chile
54%
5 South America Colombia
54%
2 Europe Estonia
54%
2 Europe Iceland
54%
3 Asia Kazakhstan
54%
1 Europe Luxembourg
54%
2 Asia Mongolia
54%
3 Europe Netherlands
54%
5 Asia Pakistan
54%
4 Europe Poland
54%
3 Asia Syria
54%
3 Asia Tajikistan
54%
2 Asia Turkmenistan
54%
3 Europe Finland
53%
1 South America French Guiana
53%
3 North America Guatemala
53%
3 Asia Israel
53%
4 Europe Italy
53%
2 Asia Laos
53%
2 Europe Latvia
53%
3 Oceania New Zealand
53%
4 Africa South Africa
53%
4 Europe Ukraine
53%
5 Asia Vietnam
53%
2 Europe/Asia Armenia
51%
1 Asia Bhutan
51%
3 Asia Burma
51%
2 Asia Cambodia
51%
4 Africa Democratic Republic of the Congo
51%
3 North America Dominican Republic
51%
4 Asia Iraq
51%
2 Africa Niger
51%
4 Asia Saudi Arabia
51%
4 Asia Taiwan
51%
1 Antarctica Antarctica
50%
3 Europe/Asia Azerbaijan
50%
2 North America Bahamas
50%
3 North America El Salvador
50%
2 North America Honduras
50%
2 Europe Lithuania
50%
4 Africa Morocco
50%
2 North America Panama
50%
4 South America Peru
50%
3 Europe Romania
50%
1 Europe San Marino
50%
2 Europe Slovakia
50%
2 Europe Switzerland
50%
3 Europe Bulgaria
49%
3 Asia Uzbekistan
49%
3 South America Ecuador
49%
2 Europe/Asia Georgia
49%
2 Asia Kyrgyzstan
49%
4 Asia Malaysia
49%
1 Europe Monaco
49%
3 Asia Nepal
49%
5 Africa Nigeria
49%
2 Europe Serbia
49%
4 Asia Thailand
49%
3 South America Uruguay
49%
3 Asia Yemen
49%
3 Africa Angola
47%
3 South America Bolivia
47%
2 Europe Bosnia and Herzegovina
47%
3 Europe Czech Republic
47%
1 North America Greenland
47%
2 South America Guyana
47%
3 North America Haiti
47%
3 Europe Hungary
47%
1 Europe Liechtenstein
47%
2 North America Nicaragua
47%
2 Asia Oman
47%
3 South America Paraguay
47%
2 Europe Slovenia
47%
2 South America Suriname
47%
4 South America Venezuela
47%
1 North America Antigua and Barbuda
46%
2 Europe Croatia
46%
2 North America Jamaica
46%
2 Oceania Papua New Guinea
46%
5 Asia Philippines
46%
2 Asia Timor-Leste
46%
3 Asia United Arab Emirates
46%
2 Asia Brunei
44%
2 Africa Central African Republic
44%
2 North America Costa Rica
44%
1 North America Dominica
44%
3 Africa Madagascar
44%
2 Europe Malta
44%
2 Europe Moldova
44%
3 Asia Singapore
44%
2 North America Trinidad and Tobago
44%
1 Oceania American Samoa
43%
3 Asia Jordan
43%
3 Africa Libya
43%
2 Asia Qatar
43%
3 Africa Tunisia
43%
2 Asia Bahrain
41%
2 Africa Chad
41%
3 Africa Ethiopia
41%
2 Europe Macedonia
41%
2 Europe Montenegro
41%
3 Africa Republic of the Congo
41%
2 Africa South Sudan
41%
2 Asia Sri Lanka
41%
4 Africa Sudan
41%
2 Africa Benin
40%
2 Europe/Asia Cyprus
40%
2 Asia Kuwait
40%
1 Asia Maldives
40%
3 Africa Mozambique
40%
1 Oceania Palau
40%
3 Africa Tanzania
40%
1 Oceania Tonga
40%
3 Africa Zambia
40%
2 North America Barbados
39%
2 Africa Botswana
39%
3 Africa Cote d'Ivoire
39%
2 Oceania Fiji
39%
2 Africa Gambia
39%
3 Africa Ghana
39%
3 Africa Kenya
39%
3 Asia Lebanon
39%
2 Africa Lesotho
39%
3 Africa Mali
39%
1 North America Saint Kitts and Nevis
39%
1 Oceania Samoa
39%
3 Africa Somalia
39%
2 Africa Togo
39%
2 Africa Burundi
37%
3 Africa Cameroon
37%
2 Africa Cape Verde
37%
3 Africa Guinea
37%
2 Africa Malawi
37%
2 Africa Namibia
37%
2 Africa Rwanda
37%
3 Africa Senegal
37%
2 Africa Sierra Leone
37%
3 Africa Zimbabwe
37%
2 Africa Equatorial Guinea
36%
2 Africa Eswatini
36%
2 Africa Gabon
36%
2 Africa Guinea-Bissau
36%
1 Oceania Kiribati
36%
2 Africa Liberia
36%
2 Africa Djibouti
34%
1 Europe Faroe Islands
34%
1 North America Saint Lucia
34%
3 Africa Uganda
34%
2 Africa Eritrea
33%
1 North America Grenada
33%
2 Africa Mauritania
33%
1 North America Saint Vincent and the Grenadines
33%
1 Oceania Solomon Islands
33%
1 North America Bermuda
31%
3 Africa Burkina Faso
31%
2 Europe Gibraltar
31%
1 Oceania Marshall Islands
31%
2 Africa Mauritius
31%
1 Africa Sao Tome and Principe
31%
1 Africa Seychelles
31%
1 Oceania Vanuatu
31%
1 Africa Comoros
30%
3 Asia Hong Kong
30%
1 Europe Isle of Man
30%
1 Oceania Cook Islands
29%
2 Asia Macau
29%
1 North America Aruba
26%
1 Oceania French Polynesia
26%
2 North America Curacao
23%
2 North America Martinique
23%
2 Africa Reunion
23%
2 North America Guadeloupe
21%
1 Oceania Guam
21%
1 Africa Mayotte
21%
1 Oceania New Caledonia
20%
1 North America Turks and Caicos Islands
19%
2 Africa Western Sahara
13%
No matching quizzes found
Score Distribution
Percent of People with Each Score
Percentile by Number Answered
Your Score History
You have not taken this quiz since the last reset